<?xml version="1.0" encoding="UTF-8"?>
<record
    xmlns:xsi="http://www.w3.org/2001/XMLSchema-instance"
    xsi:schemaLocation="http://www.loc.gov/MARC21/slim http://www.loc.gov/standards/marcxml/schema/MARC21slim.xsd"
    xmlns="http://www.loc.gov/MARC21/slim">

  <leader>00661nam a22002297a 4500</leader>
  <controlfield tag="003">OSt</controlfield>
  <controlfield tag="005">20260216105745.0</controlfield>
  <controlfield tag="008">210302b           ||||| |||| 00| 0 eng d</controlfield>
  <datafield tag="020" ind1=" " ind2=" ">
    <subfield code="a">9781605358741</subfield>
  </datafield>
  <datafield tag="082" ind1=" " ind2=" ">
    <subfield code="a">571.8</subfield>
    <subfield code="b">B27D</subfield>
  </datafield>
  <datafield tag="100" ind1=" " ind2=" ">
    <subfield code="a"> Barresi, Michael J F</subfield>
  </datafield>
  <datafield tag="245" ind1=" " ind2=" ">
    <subfield code="a">Developmental biology</subfield>
    <subfield code="c">by Michael J.F. Barresi and Scott F. Gilbert</subfield>
  </datafield>
  <datafield tag="250" ind1=" " ind2=" ">
    <subfield code="a">12th ed.</subfield>
  </datafield>
  <datafield tag="260" ind1=" " ind2=" ">
    <subfield code="a">New York</subfield>
    <subfield code="b">Sinauer Associates</subfield>
    <subfield code="c">2020</subfield>
  </datafield>
  <datafield tag="300" ind1=" " ind2=" ">
    <subfield code="a">xxiii, 664p.</subfield>
    <subfield code="b">Paperback</subfield>
  </datafield>
  <datafield tag="500" ind1=" " ind2=" ">
    <subfield code="a">Includes Appendix, Glossary, and Index at the end</subfield>
  </datafield>
  <datafield tag="546" ind1=" " ind2=" ">
    <subfield code="a">English</subfield>
  </datafield>
  <datafield tag="650" ind1=" " ind2=" ">
    <subfield code="a">Embryology</subfield>
  </datafield>
  <datafield tag="650" ind1=" " ind2=" ">
    <subfield code="a">Developmental biology</subfield>
  </datafield>
  <datafield tag="700" ind1=" " ind2=" ">
    <subfield code="a">Gilbert, Scott F</subfield>
  </datafield>
  <datafield tag="942" ind1=" " ind2=" ">
    <subfield code="2">ddc</subfield>
    <subfield code="c">BK</subfield>
  </datafield>
  <datafield tag="999" ind1=" " ind2=" ">
    <subfield code="c">24094</subfield>
    <subfield code="d">24094</subfield>
  </datafield>
  <datafield tag="952" ind1=" " ind2=" ">
    <subfield code="0">0</subfield>
    <subfield code="1">0</subfield>
    <subfield code="2">ddc</subfield>
    <subfield code="4">0</subfield>
    <subfield code="7">0</subfield>
    <subfield code="a">CURAJ</subfield>
    <subfield code="b">CURAJ</subfield>
    <subfield code="d">2021-03-02</subfield>
    <subfield code="e">Department of Biotechnology</subfield>
    <subfield code="l">4</subfield>
    <subfield code="o">571.8 B27D</subfield>
    <subfield code="p">34836</subfield>
    <subfield code="r">2026-03-12</subfield>
    <subfield code="s">2026-02-23</subfield>
    <subfield code="w">2021-03-02</subfield>
    <subfield code="y">BK</subfield>
  </datafield>
  <datafield tag="952" ind1=" " ind2=" ">
    <subfield code="0">0</subfield>
    <subfield code="1">0</subfield>
    <subfield code="2">ddc</subfield>
    <subfield code="4">0</subfield>
    <subfield code="7">0</subfield>
    <subfield code="a">CURAJ</subfield>
    <subfield code="b">CURAJ</subfield>
    <subfield code="d">2021-03-02</subfield>
    <subfield code="e">Department of Biotechnology</subfield>
    <subfield code="l">8</subfield>
    <subfield code="o">571.8 B27D</subfield>
    <subfield code="p">34837</subfield>
    <subfield code="q">2026-06-26</subfield>
    <subfield code="r">2026-06-11</subfield>
    <subfield code="s">2026-06-11</subfield>
    <subfield code="w">2021-03-02</subfield>
    <subfield code="y">BK</subfield>
  </datafield>
  <datafield tag="952" ind1=" " ind2=" ">
    <subfield code="0">0</subfield>
    <subfield code="1">0</subfield>
    <subfield code="2">ddc</subfield>
    <subfield code="4">0</subfield>
    <subfield code="7">0</subfield>
    <subfield code="a">CURAJ</subfield>
    <subfield code="b">CURAJ</subfield>
    <subfield code="d">2021-03-02</subfield>
    <subfield code="e">Department of Biotechnology</subfield>
    <subfield code="l">12</subfield>
    <subfield code="o">571.8 B27D</subfield>
    <subfield code="p">34838</subfield>
    <subfield code="r">2025-08-08</subfield>
    <subfield code="s">2025-07-25</subfield>
    <subfield code="w">2021-03-02</subfield>
    <subfield code="y">BK</subfield>
  </datafield>
  <datafield tag="952" ind1=" " ind2=" ">
    <subfield code="0">0</subfield>
    <subfield code="1">0</subfield>
    <subfield code="2">ddc</subfield>
    <subfield code="4">0</subfield>
    <subfield code="7">0</subfield>
    <subfield code="a">CURAJ</subfield>
    <subfield code="b">CURAJ</subfield>
    <subfield code="d">2021-03-02</subfield>
    <subfield code="e">Department of Biotechnology</subfield>
    <subfield code="l">12</subfield>
    <subfield code="o">571.8 B27D</subfield>
    <subfield code="p">34839</subfield>
    <subfield code="r">2025-02-04</subfield>
    <subfield code="s">2025-01-21</subfield>
    <subfield code="w">2021-03-02</subfield>
    <subfield code="y">BK</subfield>
  </datafield>
  <datafield tag="952" ind1=" " ind2=" ">
    <subfield code="0">0</subfield>
    <subfield code="1">0</subfield>
    <subfield code="2">ddc</subfield>
    <subfield code="4">0</subfield>
    <subfield code="5">1</subfield>
    <subfield code="7">0</subfield>
    <subfield code="8">RTB</subfield>
    <subfield code="a">CURAJ</subfield>
    <subfield code="b">CURAJ</subfield>
    <subfield code="d">2021-03-02</subfield>
    <subfield code="e">Department of Biotechnology</subfield>
    <subfield code="l">0</subfield>
    <subfield code="o">571.8 B27D</subfield>
    <subfield code="p">34840</subfield>
    <subfield code="r">2021-03-02</subfield>
    <subfield code="w">2021-03-02</subfield>
    <subfield code="y">BK</subfield>
  </datafield>
  <datafield tag="952" ind1=" " ind2=" ">
    <subfield code="0">0</subfield>
    <subfield code="1">0</subfield>
    <subfield code="2">ddc</subfield>
    <subfield code="4">0</subfield>
    <subfield code="7">0</subfield>
    <subfield code="8">TXB</subfield>
    <subfield code="a">CURAJ</subfield>
    <subfield code="b">CURAJ</subfield>
    <subfield code="c">BTH</subfield>
    <subfield code="d">2021-07-13</subfield>
    <subfield code="e">Technical Bureau</subfield>
    <subfield code="g">6495.00</subfield>
    <subfield code="i">TB2683/04/02/2021</subfield>
    <subfield code="l">15</subfield>
    <subfield code="o">571.8 B27D</subfield>
    <subfield code="p">36242</subfield>
    <subfield code="r">2025-05-16</subfield>
    <subfield code="s">2025-05-01</subfield>
    <subfield code="w">2021-07-13</subfield>
    <subfield code="y">BK</subfield>
  </datafield>
  <datafield tag="952" ind1=" " ind2=" ">
    <subfield code="0">0</subfield>
    <subfield code="1">0</subfield>
    <subfield code="2">ddc</subfield>
    <subfield code="4">0</subfield>
    <subfield code="7">0</subfield>
    <subfield code="8">TXB</subfield>
    <subfield code="a">CURAJ</subfield>
    <subfield code="b">CURAJ</subfield>
    <subfield code="c">MCB</subfield>
    <subfield code="d">2021-07-14</subfield>
    <subfield code="e">Indica Publisher </subfield>
    <subfield code="g">6495.00</subfield>
    <subfield code="i">2020-21/0774/23-12-2020</subfield>
    <subfield code="l">10</subfield>
    <subfield code="o">571.8 B27D</subfield>
    <subfield code="p">35210</subfield>
    <subfield code="r">2025-08-11</subfield>
    <subfield code="s">2025-07-24</subfield>
    <subfield code="w">2021-07-14</subfield>
    <subfield code="y">BK</subfield>
  </datafield>
  <datafield tag="952" ind1=" " ind2=" ">
    <subfield code="0">0</subfield>
    <subfield code="1">0</subfield>
    <subfield code="2">ddc</subfield>
    <subfield code="4">0</subfield>
    <subfield code="7">0</subfield>
    <subfield code="8">TXB</subfield>
    <subfield code="a">CURAJ</subfield>
    <subfield code="b">CURAJ</subfield>
    <subfield code="c">MCB</subfield>
    <subfield code="d">2021-07-14</subfield>
    <subfield code="e">Indica Publisher </subfield>
    <subfield code="g">6495.00</subfield>
    <subfield code="i">2020-21/0774/23-12-2020</subfield>
    <subfield code="l">7</subfield>
    <subfield code="o">571.8 B27D</subfield>
    <subfield code="p">35211</subfield>
    <subfield code="r">2026-06-02</subfield>
    <subfield code="s">2025-01-13</subfield>
    <subfield code="w">2021-07-14</subfield>
    <subfield code="y">BK</subfield>
  </datafield>
  <datafield tag="952" ind1=" " ind2=" ">
    <subfield code="0">0</subfield>
    <subfield code="1">0</subfield>
    <subfield code="2">ddc</subfield>
    <subfield code="4">0</subfield>
    <subfield code="7">0</subfield>
    <subfield code="8">TXB</subfield>
    <subfield code="a">CURAJ</subfield>
    <subfield code="b">CURAJ</subfield>
    <subfield code="c">MCB</subfield>
    <subfield code="d">2021-07-14</subfield>
    <subfield code="e">Indica Publisher </subfield>
    <subfield code="g">6495.00</subfield>
    <subfield code="i">2020-21/0774/23-12-2020</subfield>
    <subfield code="l">7</subfield>
    <subfield code="o">571.8 B27D</subfield>
    <subfield code="p">35212</subfield>
    <subfield code="q">2026-02-16</subfield>
    <subfield code="r">2025-12-18</subfield>
    <subfield code="s">2025-12-18</subfield>
    <subfield code="w">2021-07-14</subfield>
    <subfield code="y">BK</subfield>
  </datafield>
  <datafield tag="952" ind1=" " ind2=" ">
    <subfield code="0">0</subfield>
    <subfield code="1">0</subfield>
    <subfield code="2">ddc</subfield>
    <subfield code="4">0</subfield>
    <subfield code="7">0</subfield>
    <subfield code="8">TXB</subfield>
    <subfield code="a">CURAJ</subfield>
    <subfield code="b">CURAJ</subfield>
    <subfield code="c">MCB</subfield>
    <subfield code="d">2021-07-14</subfield>
    <subfield code="e">Indica Publisher </subfield>
    <subfield code="g">6495.00</subfield>
    <subfield code="i">2020-21/0774/23-12-2020</subfield>
    <subfield code="l">4</subfield>
    <subfield code="o">571.8 B27D</subfield>
    <subfield code="p">35213</subfield>
    <subfield code="r">2022-12-07</subfield>
    <subfield code="s">2022-11-14</subfield>
    <subfield code="w">2021-07-14</subfield>
    <subfield code="y">BK</subfield>
  </datafield>
  <datafield tag="952" ind1=" " ind2=" ">
    <subfield code="0">0</subfield>
    <subfield code="1">0</subfield>
    <subfield code="2">ddc</subfield>
    <subfield code="4">0</subfield>
    <subfield code="7">0</subfield>
    <subfield code="8">TXB</subfield>
    <subfield code="a">CURAJ</subfield>
    <subfield code="b">CURAJ</subfield>
    <subfield code="c">MCB</subfield>
    <subfield code="d">2021-07-14</subfield>
    <subfield code="e">Indica Publisher </subfield>
    <subfield code="g">6495.00</subfield>
    <subfield code="i">2020-21/0774/23-12-2020</subfield>
    <subfield code="o">571.8 B27D</subfield>
    <subfield code="p">35214</subfield>
    <subfield code="r">2022-11-16</subfield>
    <subfield code="w">2021-07-14</subfield>
    <subfield code="y">BK</subfield>
  </datafield>
</record>
